00599nam a2200193Ia 4500003000900000008004100009020001800050040001600068080001900084100002800103111004600131245008300177260004200260300001400302650004100316650001800357650002200375650000800397IN-BaIIA211028s9999 xx 000 0 eng d a90-277-0400-7 cIIA Library a523.987bTAN-2 aTandberg-Hanssen, Einar aSymposium on Chromospheric Fine Structure 0aSolar ProminencescEinar Tandberg-Hanssen  aDordrechtbD. Reidel Publishingc1974 axi, 152p. aAstronomy and Astrophysics Thesaurus aSolar Physics aSolar Prominences aSun